000 01278nam2a22002411 4500
001 rc\3170694
005 20250530075533.0
035 _a(NLR Aleph) 007307938
090 _a5779410
_c5779410
100 _a20120615d1976 |||y0rusy50 ca
101 0 _arus
102 _aRU
105 _aa z |||||
200 0 _aЧ. 1
210 _d1976
_aБ. м.
215 _a36 с., 1 л. ил.
_cил.
320 _aБиблиогр.: с. 35
461 0 _1001rc\3170693
_12001#$aПрограммированный контроль знаний курсантов по легководолазной подготовке$e[Учеб. пособие для курсантов училища]$eЧ. 1-$fВысш. воен.-морское инж. училище им. Ф.Э. Дзержинского$vЧ. 1
_95779404
_cЛенинград
_d1976-
_fВысш. воен.-морское инж. училище им. Ф.Э. Дзержинского
_nБ. и.
_o[Учеб. пособие для курсантов училища] : Ч. 1-
_tПрограммированный контроль знаний курсантов по легководолазной подготовке
_vЧ. 1
801 0 _aRU
_bNLR
_gpsbo
801 1 _aRU
_bELAR
_2rusmarc
852 _aNLR
_j76-50К/1649
942 _cBOOK
980 _aNB